000 00462nam a2200181Ia 4500
001 10579
005 20260306161842.0
008 260306t2002||||xx |||||||||||||| ||spa||
041 _aESP
082 _a940.5318
_bG59
100 _aGoldhagen, Daniel Jonah
_eAUT
245 0 _aLa iglesia católica y el holocausto:
_buna deuda pendiente
260 _c2002
300 _a404 páginas :
_c24 cm.
650 _aGEN
654 _aCHU
942 _cLIB
_dJUS
_fJUS
_2ddc
_n
999 _c10579
_d10579